000 01241nam0a2200337 4500
001 RU\NLR\BIBL_A\022547864
005 20260420044804.0
010 _a978-5-85271-820-4
_93000
021 _aRU
_bКН-П-25-018412
_9КН-П-25-1867
035 _a(NLR Aleph) 022547864
090 _a13673063
_c13673063
100 _a20250522d2025 u y0rusy50 ca
101 0 _arus
102 _aRU
105 _aa z 000ay
181 0 _ai2
_baxxe
181 0 _ab2
_bxb2e
182 0 _an
200 1 _aПро Зосю. Новые истории
_e[для чтения взрослыми детям]
_fОксана Томенко
_gнарисовала Таня Навоян
203 _aТекст
_aИзображение
_bвизуальные
_cнепосредственные
210 _aВолгоград
_cАмоза. Дети
_d2025 (печ. 2024)
215 _a71 с.
_cцв. ил.
_d22
333 _a0+
686 0 _aШ9(2)60=Р7-2
700 1 _7ca
_8rus
_aТоменко
_bО. И.
_gОксана Игоревна
_92641385
_3RU\NLR\AUTH\770272338
702 1 _aНавоян
_bТ.
_gТаня
_4040
942 _cBOOK
980 _aNB